| 000 | 00000nam##2200000za#4500 |
| 001 | 9.641509 |
| 003 | CaOODSP |
| 005 | 20210624223238 |
| 007 | cr ||||||||||| |
| 008 | 150407|1979||||xxc|||||o f|0| 0 fre|d |
| 040 | |aCaOODSP|bfre |
| 043 | |an-cn--- |
| 086 | 1 |aA63-1660/1979F-PDF |
| 110 | 1 |aCanada.|bAgriculture Canada. |bDivision des bestiaux. |
| 245 | 10|aL'élevage du renard au Canada / |h[ressource électronique]|c[publié par] Division des bestiaux et Division de la pathologie vétérinaire. |
| 260 | |aOttawa - Ontario : |bAgriculture Canada. |c1979. |
| 300 | |a36p.|bfigure, photographies |
| 500 | |aPublication historique numérisée par Agriculture et Agroalimentaire Canada. |
| 590 | |a13-17-Supp|b2013-07-25 |
| 691 | 07|aIndustrie agro-alimentaire|2gcpds |
| 691 | 07|aÉlevage|2gcpds |
| 775 | 08|tFox farming in Canada / |w(CaOODSP)9.697915 |
| 856 | 40|ahttp://publications.gc.ca|qPDF|s1.97 Mo|uhttps://publications.gc.ca/collections/collection_2013/aac-aafc/agrhist/A63-1660-1979-fra.pdf |
| 986 | |a1660 |